000 00718nam a2200253 a 4500
001 57549
003 BD-RjUL
005 20211209080526.0
008 161210s1950 nyua b 000 0 eng
035 _a(BD-RjUL)57673
035 _a(OCoLC)1687184
040 _aDLC
_cFM
_dDLC
_beng
041 _aeng
082 _223
_a306.8
_bFOM 1950
100 1 _aFoster, Robert Geib,
_d1895-
_9170895
245 1 0 _aMarriage and family relationships /
_c Robert Geib Foster
250 _aRev. ed.
260 _aNew York :
_bMacmillan,
_c1950.
300 _axvi, 316 p. :
_bill. ;
_c21 cm.
504 _aIncludes bibliographies.
650 0 _aFamily relationships
_9170549
942 _2ddc
_cBK
999 _c57549
_d57549